Statistics for Finish the Pringles Flavour

Click here to take the quiz!

General Stats

  • This quiz has been taken 60 times
  • The average score is 4 of 13

Answer Stats

HintAnswer% Correct
Sour Cream & ______Onion
82%
Prawn _________Cocktail
63%
Hot Diggity ___Dog
57%
Screamin Dill _______Pickle
43%
Cheesy Nacho _______Cheese
41%
French Onion ___Dip
35%
Bourbon Barbeque _______Chicken
22%
Wasabi and ___ ______Soy Sauce
16%
Pumpkin Pie ______Spice
16%
Cinnamon & _______Sugar
16%
Mango ______Salsa
10%
Kickin Chicken _____Taco
10%
White Chocolate __________Peppermint
8%

Score Distribution

Percentile by Number Answered

Percent of People with Each Score

Your Score History

You have not taken this quiz